Joothan : (Record no. 91857)

MARC details
000 -LEADER
fixed length control field 00719nam a22002177a 4500
005 - DATE AND TIME OF LATEST TRANSACTION
control field 20150320105105.0
010 ## - LCCN (DPL NO)
LC control number ENG-112236
020 ## - INTERNATIONAL STANDARD BOOK NUMBER
International Standard Book Number 9788185604633
Terms of availability 300.00
035 ## - SYSTEM CONTROL NUMBER
System control number EN-95768
037 ## - SOURCE OF ACQUISITION
Source of stock number/acquisition DBAD/PUB
082 ## - DEWEY DECIMAL CLASSIFICATION NUMBER
Classification number 305.51220954
100 ## - MAIN ENTRY--PERSONAL NAME
Personal name Valmiki, Omprakash
245 ## - TITLE STATEMENT
Title Joothan :
Statement of responsibility, etc by Omprakash Valmiki ; translated from the Hindi by Arun Prabha Mukherjee
Remainder of title a Dalit's life /
260 ## - PUBLICATION, DISTRIBUTION, ETC. (IMPRINT)
Place of publication, distribution, etc Kolkatta
Name of publisher, distributor, etc Samya
Date of publication, distribution, etc 2014(repr.)
270 ## - ADDRESS
Address 16 Southern Avenue,
City Kolkatta
Postal code 700026
300 ## - PHYSICAL DESCRIPTION
Extent xlii,139p.
Dimensions 22cm(pbk)
600 ## - SUBJECT ADDED ENTRY--PERSONAL NAME
Personal name Vālmīki, Omaprakāśa,
Dates associated with a name 1950-
650 ## - SUBJECT ADDED ENTRY--TOPICAL TERM
Topical term or geographic name as entry element Dalits
Geographic subdivision India
General subdivision History.
700 ## - ADDED ENTRY--PERSONAL NAME
Personal name Mukherjee, Arun Prabha.
942 ## - ADDED ENTRY ELEMENTS (KOHA)
Source of classification or shelving scheme Dewey Decimal Classification
Item type English Books
Call number suffix VAL
Classification part 305.51220954
Holdings
Withdrawn status Lost status Not for loan Collection code Home library Current library Date acquired Source of acquisition Cost, normal purchase price Full call number Barcode Copy number Cost, replacement price Koha item type
    Not For Loan Non-fiction D.B.Act.Division D.B.Act.Division 25/02/2015 DBAD/PUB 300.00 305.51220954 VAL EN-95768 1 300.00 English Books

© Delhi Public Library
Hit Counter
free hit counter